000 00408nam a22001577a 4500
003 OSt
008 240119b |||||||| |||| 00| 0 eng d
020 _a9789327253696
041 _aeng
082 _a630.162
_bSAN/NU
100 _aSanjay Kumar
245 _aNumerical approach in Agricultural Engineering with objective
250 _a3rd rev.
260 _aLudhiana
_bKalyani Publishers
_c2015
942 _cBK
999 _c14830
_d14830